Southville International School and Colleges
Your cart is empty.
  • Cart
  • Lists
    Public lists Eva Luna New books Lux_list list_1
    Your lists Log in to create your own lists
  • Log in to your account
  • Your cookies
  • Search history
Southville International School and Colleges
  • Advanced search
  • Recent comments
  • Most popular
  • Libraries

Log in to your account

Log in with GOOGLE


If you do not have an external account, but do have a local account, you can still log in:

  1. Home
  2. MARC view: Humanities and the digital arts :
Normal view MARC view ISBD view

Humanities and the digital arts : (Record no. 293347)

[ view plain ]
MARC details
000 -LEADER
fixed length control field 00663nam a2200229Ia 4500
008 - FIXED-LENGTH DATA ELEMENTS--GENERAL INFORMATION
fixed length control field 160404s9999 xx 000 0 und d
020 ## - INTERNATIONAL STANDARD BOOK NUMBER
International Standard Book Number 978-971-23-4628-6
050 ## - LIBRARY OF CONGRESS CALL NUMBER
Classification number FIL N 346.5
050 ## - LIBRARY OF CONGRESS CALL NUMBER
Item number .P5B37 2006
100 ## - MAIN ENTRY--PERSONAL NAME
Personal name Bascara, Linda R.
245 ## - TITLE STATEMENT
Title Humanities and the digital arts :
245 ## - TITLE STATEMENT
Remainder of title with emphasis on arts in the phippine setting /
245 ## - TITLE STATEMENT
Statement of responsibility, etc Linda R. Bascara, Adela T. Avillanoza.
260 ## - PUBLICATION, DISTRIBUTION, ETC. (IMPRINT)
Place of publication, distribution, etc Manila :
260 ## - PUBLICATION, DISTRIBUTION, ETC. (IMPRINT)
Name of publisher, distributor, etc Rex Book Store, Inc.,
260 ## - PUBLICATION, DISTRIBUTION, ETC. (IMPRINT)
Date of publication, distribution, etc 2006
300 ## - PHYSICAL DESCRIPTION
Extent 185 pages :
300 ## - PHYSICAL DESCRIPTION
Other physical details illustrations ;
300 ## - PHYSICAL DESCRIPTION
Dimensions 22 cm.
500 ## - GENERAL NOTE
General note Includes index.
650 ## - SUBJECT ADDED ENTRY--TOPICAL TERM
Topical term or geographic name as entry element Arts -- Study and teaching -- Philippines.
Holdings
Withdrawn status Lost status Damaged status Home library Current library Shelving location Date acquired Cost, normal purchase price Total Checkouts Full call number Barcode Date last seen Price effective from Koha item type
      South Mansfield College South Mansfield College Filipiniana Section 01/01/2008 221.00   FIL N 346.5 .P5B37 2006 SMC03735 04/04/2016 04/04/2016  

Humanities and the digital arts :

APA

Bascara L. R., .Humanities and the digital arts. Manila: .

Chicago

Bascara Linda R, .Humanities and the digital arts. Manila: .

Harvard

Bascara L. R., .Humanities and the digital arts. Manila: .

MLA

Bascara Linda R, .Manila: . .

  • Place hold
  • Print
  • Cite
  • Add to your cart (remove)
  • Save record
    BIBTEX Dublin Core MARCXML MARC (non-Unicode/MARC-8) MARC (Unicode/UTF-8) MARC (Unicode/UTF-8, Standard) MODS (XML) RIS
  • More searches
    Search for this title in:
    Other Libraries (WorldCat) Other Databases (Google Scholar) Online Stores (Bookfinder.com) Open Library (openlibrary.org)

Exporting to Dublin Core...

SOUTHVILLE LIBRARY

Southville International School and Colleges Library

1281 Tropical Ave. Cor. Luxembourg St., BF Homes International, Las Pinas City

Tel. No. 8256374 / 252358 Loc. 117/146

Powered by Koha